Mazarine M. Pingeot Inappropriable Ce que l’IA fait à l’humain. Flammarion, « Climats », 2026, 176 pages, 21 €. (notice n° 2058868)
[ vue normale ]
| 000 -LEADER | |
|---|---|
| fixed length control field | 00717cam a2200157 4500500 |
| 005 - DATE AND TIME OF LATEST TRANSACTION | |
| control field | 20260405002549.0 |
| 041 ## - LANGUAGE CODE | |
| Language code of text/sound track or separate title | fre |
| 042 ## - AUTHENTICATION CODE | |
| Authentication code | dc |
| 100 10 - MAIN ENTRY--PERSONAL NAME | |
| Personal name | Labey, Gildas |
| Relator term | author |
| 245 00 - TITLE STATEMENT | |
| Title | Mazarine M. Pingeot Inappropriable Ce que l’IA fait à l’humain. Flammarion, « Climats », 2026, 176 pages, 21 €. |
| 260 ## - PUBLICATION, DISTRIBUTION, ETC. | |
| Date of publication, distribution, etc. | 2026.<br/> |
| 500 ## - GENERAL NOTE | |
| General note | 84 |
| 520 ## - SUMMARY, ETC. | |
| Summary, etc. | Louise Nevelson transforme rebuts et fragments en visions monumentales. À Metz, une exposition révèle l’univers onirique et dansant de cette artiste majeure du XXe siècle. |
| 786 0# - DATA SOURCE ENTRY | |
| Note | Études | - | 4 | 2026-03-31 | p. 131-132 | 0014-1941 |
| 856 41 - ELECTRONIC LOCATION AND ACCESS | |
| Uniform Resource Identifier | <a href="https://shs.cairn.info/revue-etudes-2026-4-page-131?lang=fr&redirect-ssocas=7080">https://shs.cairn.info/revue-etudes-2026-4-page-131?lang=fr&redirect-ssocas=7080</a> |
Pas d'exemplaire disponible.




Réseaux sociaux